000 01447nam a2200373 a 4500
001 ebr10601140
003 CaPaEBR
006 m u
007 cr cn|||||||||
008 101201s2010 gw sb 000 0 eng d
010 _z 2010549667
020 _z3631604483
020 _z9783631604489
020 _z9783653004489 (e-book)
040 _aCaPaEBR
_cCaPaEBR
035 _a(OCoLC)815477736
041 0 _aeng
_arus
050 1 4 _aPN865
_b.S784 2010eb
082 0 4 _a809/.93355
_223
245 0 0 _aStereotypes in literatures and cultures
_h[electronic resource] :
_binternational reception studies /
_cRahilya Geybullayeva, Peter Orte (eds.).
260 _aFrankfurt am Main [Germany] ;
_aNew York :
_bPeter Lang,
_c2010.
300 _axv, 297 p.
504 _aIncludes bibliographical references.
533 _aElectronic reproduction.
_bPalo Alto, Calif. :
_cebrary,
_d2011.
_nAvailable via World Wide Web.
_nAccess may be limited to ebrary affiliated libraries.
546 _aText in English and Russian.
650 0 _aStereotypes (Social psychology) in literature.
650 0 _aComparative literature.
650 0 _aCulture conflict in literature.
655 7 _aElectronic books.
_2local
700 1 _aGeybullayeva, Rahilya.
700 1 _aOrte, Peter.
710 2 _aebrary, Inc.
856 4 0 _uhttp://site.ebrary.com/lib/rucke/Doc?id=10601140
_zAn electronic book accessible through the World Wide Web; click to view
999 _c195330
_d195330